bio - Doenças e seus agentes etiológicos - Statistics

Estatísticas Gerais
  • Esse quiz foi jogado 598 vezes
  • A pontuação média é 39 de 64
Estatísticas das Respostas
Questão Bloco Select % Correto
Quais das doenças a seguir, são causadas por vírus? Ascaridíase Não
95%
Quais das doenças a seguir, são causadas por vírus? Esquistossomose Não
95%
Quais das doenças a seguir, são causadas por vírus? Botulismo Não
93%
Quais das doenças a seguir, são causadas por vírus? Toxoplasmose Não
90%
Quais das doenças a seguir, são causadas por vírus? AIDS Sim
87%
Quais das doenças a seguir, são causadas por vírus? HPV Sim
81%
Quais das doenças a seguir, são causadas por Platelmintos? HPV Não
81%
Quais das doenças a seguir, são causadas por Platelmintos? AIDS Não
80%
Quais das doenças a seguir, são causadas por vírus? Febre Tifoide Não
80%
Quais das doenças a seguir, são causadas por Platelmintos? Raiva Não
80%
Quais das doenças a seguir, são causadas por Platelmintos? Gripe Não
79%
Quais das doenças a seguir, são causadas por Platelmintos? Tifo Não
78%
Quais das doenças a seguir, são causadas por Platelmintos? Malária Não
77%
Quais das doenças a seguir, são causadas por vírus? Tuberculose Não
77%
Quais das doenças a seguir, são causadas por bactérias? Hidatiose Não
76%
Quais das doenças a seguir, são causadas por bactérias? Cisticercose Não
75%
Quais das doenças a seguir, são causadas por vírus? Dengue Sim
73%
Quais das doenças a seguir, são causadas por bactérias? HPV Não
73%
Quais das doenças a seguir, são causadas por bactérias? Malária Não
71%
Quais das doenças a seguir, são causadas por Platelmintos? Mononucleose Não
71%
Quais das doenças a seguir, são causadas por Nematelmintos? AIDS Não
70%
Quais das doenças a seguir, são causadas por bactérias? Febre Amarela Não
70%
Quais das doenças a seguir, são causadas por Nematelmintos? HPV Não
70%
Quais das doenças a seguir, são causadas por bactérias? Gripe Aviária Não
69%
Quais das doenças a seguir, são causadas por Nematelmintos? Tuberculose Não
69%
Quais das doenças a seguir, são causadas por Nematelmintos? Malária Não
68%
Quais das doenças a seguir, são causadas por vírus? Herpes Sim
67%
Quais das doenças a seguir, são causadas por bactérias? Leishmaniose Não
67%
Quais das doenças a seguir, são causadas por Nematelmintos? Botulismo Não
66%
Quais das doenças a seguir, são causadas por Nematelmintos? SARS Não
66%
Quais das doenças a seguir, são causadas por bactérias? Doença de Chagas Não
65%
Quais das doenças a seguir, são causadas por Platelmintos? Pé de atleta Não
65%
Quais das doenças a seguir, são causadas por vírus? Febre Amarela Sim
64%
Quais das doenças a seguir, são causadas por Nematelmintos? Caxumba Não
63%
Quais das doenças a seguir, são causadas por Nematelmintos? Encefalite Não
63%
Quais das doenças a seguir, são causadas por vírus? Malária Não
63%
Quais das doenças a seguir, são causadas por vírus? Raiva Sim
63%
Quais das doenças a seguir, são causadas por bactérias? Toxoplasmose Não
63%
Quais das doenças a seguir, são causadas por vírus? Varíola Sim
62%
Quais das doenças a seguir, são causadas por Nematelmintos? Febre Maculosa Não
60%
Quais das doenças a seguir, são causadas por Nematelmintos? Doença de Chagas Não
59%
Quais das doenças a seguir, são causadas por Platelmintos? Teníase Sim
59%
Quais das doenças a seguir, são causadas por vírus? Hepatite Sim
53%
Quais das doenças a seguir, são causadas por Platelmintos? Cisticercose Sim
50%
Quais das doenças a seguir, são causadas por bactérias? Gonorreia Sim
50%
Quais das doenças a seguir, são causadas por Platelmintos? Oxiuríase Não
50%
Quais das doenças a seguir, são causadas por vírus? Poliomielite Sim
50%
Quais das doenças a seguir, são causadas por Platelmintos? Amarelão Não
49%
Quais das doenças a seguir, são causadas por Platelmintos? Elefantíase Não
49%
Quais das doenças a seguir, são causadas por Platelmintos? Leishmaniose Não
48%
Quais das doenças a seguir, são causadas por Nematelmintos? Teníase Não
47%
Quais das doenças a seguir, são causadas por bactérias? Sífilis Sim
44%
Quais das doenças a seguir, são causadas por bactérias? Tuberculose Sim
44%
Quais das doenças a seguir, são causadas por Platelmintos? Ascaridíase Não
43%
Quais das doenças a seguir, são causadas por Nematelmintos? Bicho Geográfico Sim
40%
Quais das doenças a seguir, são causadas por bactérias? Botulismo Sim
38%
Quais das doenças a seguir, são causadas por bactérias? Coqueluche Sim
34%
Quais das doenças a seguir, são causadas por Nematelmintos? Ascaridíase Sim
33%
Quais das doenças a seguir, são causadas por Nematelmintos? Oxiuríase Sim
29%
Quais das doenças a seguir, são causadas por Nematelmintos? Elefantíase Sim
27%
Quais das doenças a seguir, são causadas por Nematelmintos? Amarelão Sim
26%
Quais das doenças a seguir, são causadas por bactérias? Febre Maculosa Sim
22%
Quais das doenças a seguir, são causadas por bactérias? Tifo Sim
21%
Quais das doenças a seguir, são causadas por Platelmintos? Hidatiose Sim
18%
Nenhum quiz correspondente encontrado
Distribuição das Pontuações
Porcentagem de Pessoas com Cada Pontuação
Percentil de Números Respondidos
Sua Pontuação Histórica
Você não jogou esse quiz